Przystanki tramwajowe ze względnie małym ruchem pasażerskim w Poznaniu - Statystyki

Ogólne statystyki
  • Ten quiz został rozwiązany 19 razy
  • Średni wynik to 8 z 19
Statystyki odpowiedzi
Przystanek % Poprawnych
Arena
54%
Cmentarna
54%
Klin
54%
Lutycka Szpital
54%
Mogileńska
54%
Szwajcarska
54%
Tadeuszak
54%
Hetmańska Wiadukt
46%
Kmieca
46%
Św.Czesława
46%
Stare Zoo
38%
Katedra
31%
Kolejowa
31%
Kraszewskiego
31%
Murawa
31%
Starołęka Mała
31%
Grotkowska
23%
Łąkowa
23%
Rondo Solidarności
23%
Nie znaleziono quizów pasujących do podanych kryteriów
Rozkład punktacji
Procent ludzi z każdym wynikiem
Percentyl według liczby udzielonych odpowiedzi
Twoja historia wyników
Nie rozwiązałeś tego quizu